000
00302nam a22001337a 4500
008
171010b xxu||||| |||| 00| 0 eng d
020
_a
2900132438758
041
_a
eng
080
_2
11TH
_a
316
100
_a
50
101
_a
SOC
245
_a
RACIAL AND ETHNIC GROUPS
_c
SCHAEFER,R.T
942
_2
udc
_c
BK
999
_c
32971
_d
32971